[Event "Capablanca Memorial Elite 40th"]
[Site "Havana"]
[Date "2005.05.13"]
[Round "8"]
[White "Ivanchuk, Vassily"]
[Black "Dominguez Perez, Leinier"]
[Result "1-0"]
[WhiteElo "2739"]
[BlackElo "2658"]
[Annotator "Lukacs,P"]
[PlyCount "173"]
[EventDate "2005.05.06"]
[EventType "tourn"]
[EventRounds "14"]
[EventCountry "CUB"]
[EventCategory "15"]
[SourceTitle "CBM 107"]
[Source "ChessBase"]
[SourceDate "2005.08.01"]
[SourceVersion "1"]
[SourceVersionDate "2005.08.01"]
[SourceQuality "1"]

1. e4 e5 2. Bc4 Nf6 3. d3 c6 4. Nf3 d5 5. Bb3 Bd6 (5... Bb4+ {is the other
main continuation trying to provoke} 6. c3 {and only then} Bd6 {hindering Nc3.}
) 6. exd5 {White gives up the [+] in order to attack Black`s central pawns at
once.} (6. Nc3 dxe4 (6... O-O {- Beshukov-Bezgodov,St.Petersburg op 2000 CBM 75
}) 7. Ng5 (7. dxe4 {- A.Rodriguez-Benares, Santos Carlos Covas 2001 CBM 82}) (
7. Nxe4 {- Mitkov-Ch.Gabriel, Pula zt. 2000 CBM 77}) 7... O-O 8. Ncxe4 Nxe4 9.
Nxe4 Bf5 $142 {- Adams-Kramnik, Tilburg Fontys 1998 EXT 99} (9... a5 $5 {
- Fedorov-Shirov, EU-chT (Men) 2001 CBM 86})) 6... cxd5 (6... Nxd5 {-
Malishov-Bimboim, ISR-ch Jerusalem 1996 CBM 56}) 7. Bg5 (7. O-O Be6 (7... O-O {
is certainly met by} 8. Bg5 (8. h3 {is too slow.} e4 9. dxe4 dxe4 10. Nd4 Nc6
11. Nxc6 bxc6 12. Re1 Qe7 13. Qe2 Re8 14. Nd2 Qe5 15. Nf1 a5 16. a4 Nd5 17. c3
Bf5 18. Rd1 Be6 $13 {Lokasto-Onischuk, Alushta 1992})) 8. Bg5 (8. Re1 Nbd7 9.
Nc3 h6 $1 {against both Ng5 and Bg5} 10. Bd2 a6 $13 {and Black can hold his
strong central pawns.} ({The careless} 10... O-O {founders on} 11. Nb5 $1 Bb8
12. Bb4 $1 Re8 13. Nd6 Bxd6 14. Bxd6 $14 {Ortel-Pinter, Budapest 1977}) (10...
g5 $5 {looks rather aggressive, but Black can afford himself this because of
his advantage in the [+].} 11. Ba4 (11. Nb5 Bb8 12. Bb4 Qb6) 11... Kf8 $1 $13))
8... Nbd7 9. Nc3 {with a nasty pressure on >< d5.}) (7. Nc3 d4 {Now the a2-g8 /
^ is opened, but Black has still a strong [+], and this push comes by a tempo.}
8. Ne2 Nc6 9. O-O (9. a3 {securing the a2-g8 /^ for the B.} O-O 10. O-O {
- 9.0-0}) 9... O-O 10. a3 (10. Ng3 h6 11. Nh4 Re8 {/\ Bf8 holding the [+].} 12.
Nhf5 Bf8 $13 {De Vilder-Berkvens, Lost Boys op 2000}) 10... Ne7 11. Ng3 Ng6 12.
Re1 h6 13. Bd2 (13. h3 Re8 (13... Bd7 {1/2:1/2 Beshukov-Golod, Capella Grande
1999} 14. Nd2 {/\ Nde4 fighting for the light squares.} Rc8 15. Nde4 Be7 16.
Nxf6+ Bxf6 17. Qh5 $14 {Beshukov-Voloshin, MK Cafe Cup-B 1999})) 13... Re8 $13
{Shaposhnikov-Neiksans, Wch U20 Athens 2001}) 7... Nc6 (7... Qa5+ $6 {helps
only for White's development.} 8. Nbd2 (8. Qd2 $5 Qxd2+ 9. Nbxd2) 8... Be6 9.
O-O Nc6 (9... Nfd7 $6 {is too sophysticated.} 10. Bh4 f6 (10... Nc6 11. Ng5 $14
) 11. Re1 O-O 12. d4 $1 {and Black's [+] will collapse soon.} Kh8 13. dxe5 fxe5
14. c4 $1 $16 {Howell-Arlandi, EU-ch U20 Groningen 1983}) 10. c4 $1 ({inserting
} 10. Bxf6 gxf6 {and then} 11. c4 {is not that precise in view of} d4 12. Ne4
Be7 $13) 10... d4 (10... O-O 11. Bxf6 gxf6 12. cxd5 Bxd5 13. Ne4 $14 {with a
pressure on the light squares, and the weakness of the doubled pawns begin to
tell.}) 11. c5 $1 Bxc5 (11... Qxc5 $2 12. Bxe6 fxe6 13. Bxf6 gxf6 14. Ne4 $18)
12. Bxe6 fxe6 13. Qb3 Qc7 14. Rac1 $44 {with a totally cramped P structure for
Black.}) (7... Be6 $142 8. Nc3 Bc7 (8... Qa5 $6 {is again useless due to} 9.
O-O Nbd7 10. Qe1 $1 $16 {Taulbut-Scheeren, Politiken Cup 1981}) 9. O-O Nc6 10.
Re1 a6 (10... O-O 11. Bh4 (11. Bxf6 gxf6 {and Black can hold >< d5 and f5.})
11... Re8 12. h3 a6 13. Ng5 (13. Bxf6 gxf6 {is again not a big deal:} 14. d4 e4
15. Nh2 f5 16. Nf1 f4) 13... Qd7 14. Nxe6 fxe6 15. Bxf6 gxf6 16. Qg4+ Qg7 17.
Ne2 f5 $13 {and Black's P [+] is stronger than ever, Matjushin-Taborov,
Independence Cup op 1999.}) 11. Bh4 O-O 12. Bg3 (12. Qc1 Rc8 13. Bxf6 gxf6 14.
Qh6 {is not frightening because of the cold-blooded} Na5 $13) 12... d4 13. Nb1
Bxb3 14. axb3 Nd7 15. c3 {1/2:1/2 Needleman-Soppe, ARG-ch sf Ezeiza 2000}) 8.
Nc3 $1 {attacking >< d5 immediately is White`s main threat.} (8. Bxf6 gxf6 9.
Bxd5 $2 {falls into} Bb4+ 10. c3 Qxd5 $17) (8. O-O Be6 $142 (8... d4 $5 9. Re1
O-O 10. Nbd2 $14 {White has some pressure on the light squares, and >< e5
remains a target.} Re8 (10... a6 11. h3 h6 12. Bh4 Re8 13. Nc4 Bc7 14. Bg3 {
White has a strong pressure against >< e5.} Nd7 15. a4 Qf6 16. c3 dxc3 17. bxc3
Nc5 18. Bc2 Bf5 19. d4 $1 Bxc2 20. Qxc2 $16 {Benjamin-P.H.Nielsen, FIDE-Wch k.
o. Las Vegas USA 1999}) 11. Bxf6 gxf6 (11... Qxf6 {avoids the corruption of
the P structure, but allows a direct assault after} 12. Ne4 Qg6 13. Nxd6 Qxd6
14. Ng5 $16) 12. Ne4 Be7 (12... Bg4 13. h3 Bh5 14. Ng3 Bg6 15. Nh4 $16 {
conquering >< f5.}) 13. Qd2 (13. Nh4 $5 {allows the freeing move} f5 $1 14. Qh5
fxe4 (14... Bxh4 15. Bxf7+ Kf8 16. Bxe8 Qxe8 17. Qxh4 fxe4 18. Qxh7) 15. Bxf7+
Kf8 16. Bxe8 Qxe8 17. Qxh7 Bxh4 18. Qxh4 exd3 19. Qh6+ Kg8 20. Qg5+ $11 {
and White has no more than a perpetual.} (20. cxd3 Bf5)) (13. Ng3 $1 $14 {
/\ Nh4 was the required prophylactical move here avoiding the push f6-f5, and
blockading the vital >< f5.}) 13... Bf8 $1 {/\ f5 at any cost.} 14. Nh4 (14.
Ng3 f5) 14... f5 15. Ng5 Re7 16. Qd1 {/\ Qh5} Qd6 17. Qh5 (17. Nxf7 Rxf7 18.
Bxf7+ Kxf7 19. Qh5+ Kg8 20. Nxf5 Qg6 $13 {and Black has a strong ^^.}) 17...
Qh6 18. Bxf7+ Kg7 19. Qxh6+ Kxh6 20. f4 $1 $14 {Hamdouchi-Bacrot, Paris 2002
CBM 090} (20. Nhf3 Kg7 21. Bd5 h6 $44 {and Black's [+] remains unchallenged,
while White's knights are doomed to passivity.})) 9. Nc3 Bc7 {- 7...Be6}) 8...
d4 (8... Bb4 9. O-O Bxc3 10. bxc3 {White gets the ^^ and the pressure against
>< e5 and d5 remains.} Be6 11. Re1 Qd6 12. Nxe5 Nxe5 13. Bf4 Nfg4 14. Qe2 $14)
(8... Be6 9. Bxf6 gxf6 10. Bxd5 Bxd5 11. Nxd5 Qa5+ 12. Nc3 Bb4 13. O-O (13. Qd2
$6 {The stubborn defence of the P is weaker due to} Nd4 $1 $44) 13... Bxc3 14.
bxc3 Qxc3 15. Rb1 $14 {and the black K is not so safe.}) 9. Nd5 Be6 10. O-O
Bxd5 (10... h6 $5 11. Nxf6+ (11. Bxf6 gxf6 $13) 11... gxf6 12. Bh4 $1 {The pin
is annoying, Black`s P structure is corrupted.} (12. Bd2 Qd7 $13) 12... Bxb3 (
12... Rg8 13. Bxe6 fxe6 14. Nd2) 13. axb3 Rg8 14. Nd2 {/\ f4} Be7 15. f4 $14)
11. Bxd5 $14 h6 12. Bxf6 Qxf6 {Despite of the ^- White`s position is a bit
better because of his active B.} 13. c3 $5 (13. Nd2 O-O 14. Ne4 Qg6 15. Qf3 {
White has a pressure on the light squares.} Be7 (15... Kh8 16. h4 $1 {/\ h5,
Bf7}) 16. Ng3 Rac8 $14) 13... dxc3 (13... O-O 14. Qa4 $14) 14. bxc3 O-O 15. Rb1
Rab8 16. Qa4 Bc5 $2 (16... Bc7 17. Qe4 $1 Rfd8 (17... Rfe8 {runs into} 18. Rxb7
$1) 18. Rb3 Qd6 19. c4 $14 {and White`s main advantage is the ^-!}) (16... Rfc8
$1 {was the stubborn defence.} 17. Bxc6 (17. Qe4 Ne7 $11) 17... bxc6 18. Rxb8
Bxb8 19. Rb1 $14 {White`s pieces are rather active, he controls the only
opened b file.}) 17. Qe4 $1 Bb6 (17... Bd6 18. Rb5 $16) 18. Bxc6 bxc6 19. Qxe5
{Now White wins the e P.} (19. Nxe5 {is met by} Bxf2+ $1 20. Kh1 Rxb1 21. Rxb1
Re8 22. d4 $14) 19... Qg6 20. Qe2 ({Why not} 20. d4 Rfe8 21. Qf4 $16 {with a
healthy P up?}) 20... Rfe8 21. Qc2 $14 Rbd8 22. Rfd1 Rd6 23. Rd2 Red8 24. Rbd1
{White has defended everything and the black |^ cannot be maintained.} Qf5 25.
h3 Kf8 26. a4 Kg8 27. Ne1 Rg6 (27... c5 28. d4 $16) 28. d4 $16 Qg5 (28... Qxh3
$4 29. Qxg6 $1 $18) 29. Re2 c5 30. Re5 Qf6 31. Rf5 Qd6 32. a5 Bc7 (32... Bxa5
33. Rxc5 $16 {with two connected passed pawns.}) 33. Nf3 cxd4 34. cxd4 Qc6 35.
Qd3 {It is a general rule that if you have a material advantage, try to
exchange pieces.  However things are not so simple.} (35. Qxc6 Rxc6 {activates
only the black R.}) 35... Qa6 36. Rb5 Rgd6 37. d5 R6d7 38. Qc4 Qd6 39. Rc5 Bb8
40. Rc6 Qf4 41. Qc2 Be5 $6 (41... Bd6 42. a6 $16) 42. Nxe5 {Another well-known
rule is that that don`t liquidate for a R _|_ if you have an advantage because
this can be very complicated. Here the strong d o^ and the active rooks change
this assesment.} Qxe5 43. Rc5 g6 44. Qc4 Rd6 45. Rc8 Rxc8 46. Qxc8+ Kg7 47. Qc5
a6 48. g3 g5 49. Qc4 Kg8 50. Kg2 Kg7 51. Rd2 {White still follows his strategy
avoiding the exchange of queens.} (51. Qd4 Qxd4 52. Rxd4 Kf6 53. f4 {and the
black R is rather passive, ><a6 can be the next target.}) 51... Kh7 52. Rd4 Kg7
53. Qd3 Kg8 54. Qd2 Kg7 55. Kh2 Kg8 56. Rd3 Kg7 57. Qd1 Kg8 58. Kg2 Kg7 59. Qf3
Kg8 60. Kh2 Kg7 61. Rd2 Kg8 62. Qg4 Kg7 63. Qc8 Rf6 (63... Rxd5 64. Rxd5 Qxd5
65. Qxa6 {and the Q _|_ is easily won, Black has no counterplay against the
white K.} h5 66. Qb6 h4 67. Qb2+ $1 Kg6 68. a6 $18) 64. Qb7 Rd6 65. Qa7 {
Perhaps White has accumulated time for the final decision} Kg8 66. Qd4 $1 {
Finally White decides to liquidate to a R _|_ with a Tarrash R and an
additional weakness on a6.} Qxd4 67. Rxd4 Kg7 (67... Kf8 68. Kg2 Ke7 69. Kf3 {
Here we see the the weaknesses of f5 and h5 as well.} Kd7 70. Ke4 $18) 68. Kg2
Kf6 69. f4 gxf4 70. gxf4 Ke7 71. Kf3 f5 {otherwise the white K comes to the [+]
.} 72. Ke3 Rd8 (72... Kd7 73. Rd3 $1 {clearing the square for the K.} Rg6 74.
Kd4 $18) 73. d6+ $1 Kd7 ({The P _|_ is simply lost.} 73... Rxd6 74. Rxd6 Kxd6
75. Kd4 $18 {and the opposition decides.}) 74. Rb4 Re8+ 75. Kd3 Kxd6 76. Rb6+
Kd5 77. Rf6 $1 {He can take both pawns but attacks the third one! The main
idea is to drive back the active black K.} Re1 78. Rxf5+ Kc6 79. h4 {Black is
deprived from any counterplay.} Rd1+ 80. Ke4 Re1+ 81. Kf3 Re6 82. Kg4 Rg6+ 83.
Kh5 Re6 84. Re5 Rf6 85. f5 Kd7 86. Kg4 Rd6 87. Re6 $1 1-0

[Event "Tata Steel-A 79th"]
[Site "Wijk aan Zee"]
[Date "2017.01.17"]
[Round "4"]
[White "Carlsen, Magnus"]
[Black "Wei, Yi"]
[Result "1-0"]
[WhiteElo "2840"]
[BlackElo "2706"]
[Annotator "Meier,Georg"]
[PlyCount "65"]
[EventDate "2017.01.14"]
[EventType "tourn"]
[EventRounds "13"]
[EventCountry "NED"]
[EventCategory "21"]
[SourceTitle "CBM 177"]
[Source "ChessBase"]
[SourceDate "2017.03.16"]
[SourceVersion "1"]
[SourceVersionDate "2017.03.16"]
[SourceQuality "1"]

1. e4 e5 2. Bc4 Nf6 3. d3 {The Bishops's Opening or Italian Game reminds me of
the London System (1.d4 followed by Bf4 on move 2 or 3) that has also had a
resurgence of late, not least due to Magnus's efforts. You can of course find
fresh ideas everywhere, but the main point of these openings - at least to me
- is to keep a lot of pieces on the board and beat your opponent by a better
understanding of positional play and pawn structures.} c6 4. Nf3 d6 {A bit
tame. But it was played after almost 6 minutes of contemplation, indicating
that Yi had not made up his mind about this opening beforehand.} (4... d5 5.
Bb3 Bb4+ {sophisticated!} (5... Bd6 6. Nc3 {would force Black to eventually
release the tension in the centre.}) 6. c3 Bd6 {is a popular line for Black})
5. O-O Be7 6. Bb3 (6. Re1 O-O 7. a4 {would be the modern way to play.}) 6...
O-O {Both sides are free as concerns further development, so we get an
impression of where both players feel their pieces belong.} 7. c3 Nbd7 8. Re1
Nc5 9. Bc2 Bg4 10. Nbd2 Ne6 11. h3 Bh5 12. Nf1 Nd7 $1 {This is important in
connection with ...Bg4: Black must be ready to take on f3 and then he should
soon halve White's bishop pair with Bg5.} 13. g4 $5 ({The normal move would be
} 13. Ng3 Bxf3 14. Qxf3 g6 {keeping the Ng3 at bay and with Bg5 soon following.
}) 13... Bg6 14. Ng3 {The bishop on g6 will be passive for a long time, but
White has also created a hole on f4.} Ng5 {Being a bit cramped, Black wants to
exchange pieces.} 15. Bxg5 {After 20 minutes thought! I don't think Magnus was
too thrilled with his position at this point.} (15. Kg2 Nxf3 16. Qxf3 Re8 $1 {
A smart waiting move, opening the d7-f8-e6 route for the knight.} 17. Be3 Bg5
18. Bxg5 Qxg5 19. Rad1 Rad8 {is completely satisfactory for Black.}) (15. Nf5
Bxf5 16. gxf5 Nxf3+ 17. Qxf3 Bg5 {with a good position for Black was mentioned
by Carlsen.}) 15... Bxg5 16. d4 Bf4 {From here on it looks very much like
Black was looking for active ideas, when all he had to do is patiently improve
his position.} (16... Re8 {getting the rook into play and vacating f8 for the
knight; good value for a tempo.}) 17. Ne2 Qf6 18. Kg2 exd4 $2 {"An absolute
gift" (Carlsen). Black is giving up the centre for no reason.} (18... Rad8 19.
Nxf4 Qxf4 20. Qc1 Qxc1 21. Raxc1 f6 $11) 19. Nfxd4 Rfe8 20. Nxf4 Qxf4 21. f3 {
Now White has a straightforward plan: Get rid of the queen on f4 and push his
kingside pawns. At this point Black had to look for ways to limit the damage,
and quickly.} (21. Qc1 Bxe4+ 22. Bxe4 Rxe4 23. Qxf4 Rxf4 24. Re7 {looks
tempting, but Black still holds on with} Nc5 25. Rae1 Kf8 26. Kg3 g5) 21... Nb6
$6 {Further drifting...} (21... d5 {would guarantee that Black does not run
out of space. The isolated pawn would remain his only worry after} 22. exd5
Bxc2 (22... cxd5 23. Rxe8+ Rxe8 24. Ba4 $1 {leaves White with the superior
minor piece forever.}) 23. Qxc2 cxd5) 22. Qc1 Qxc1 23. Raxc1 d5 24. e5 Nd7 25.
f4 Bxc2 26. Rxc2 {Black must have underestimated the dangers of this endgame.
Clearly, digging in and holding the fort does not come easy to the Chinese
prodigy. He proceeds to lose in no time.} Nc5 ({To put up a line of defence
Black should take f5 under control, grab space with a5 to somewhat secure c5
for his knight and then centralise his king. A reasonable sequence would be:} 
26... g6 27. Kf3 a5 28. h4 Nc5 29. Re3 (29. g5 Kf8 30. h5 Ke7) 29... Kf8) 27.
Re3 Rad8 28. Kf3 Ne4 29. b4 $16 {The black knight has no way back, and White
is ready to saddle Black with a weakness by c3-c4xd5 and decisively open the
c-file.} g5 $2 {Only creating more weaknesses.} (29... f6 $1 30. exf6 (30. e6
Nd6 {looks like a decent blockade still}) 30... Nxf6 31. Ne6 Rc8 32. Rce2 Kf7
33. Ng5+ Kf8 34. f5 {with a large advantage, but exchanges will ease some of
the pressure.}) 30. c4 c5 (30... gxf4 31. Kxf4 f6 32. e6 $18) 31. Nb5 gxf4 32.
Kxf4 cxb4 33. cxd5 {This game clearly showed Wei not being comfortable with a
quiet manoeuvring struggle. And obviously Carlsen is aware of this shortcoming.
Given a strategically superior position out of nowhere he converted with ease.}
1-0